000 00627nam a2200229Ia 4500
003 OSt
005 20220924124510.0
006 a|||||r|||| 00| 0
007 ta
008 220923b |||||||| |||| 00| 0 urd d
024 _a313495
037 _cTextual
040 _aARTS
_cARTS
_burd
041 _2urd
_aurd
082 _aO168,1M87,1, J4
100 _aMahroom Tilok Chand
_9195963
245 0 _aRubaiyat-e-Mahroom
260 _aNew Delhi
_b Risulah Beesvi Sadi India
_c1954
650 _aURDU POETRY
942 _hO168,1M87,1, J4
_cTEXL
_2CC
999 _c419798
_d419798